New technology and manufacturing management : (Record no. 5921)
[ view plain ]
| 000 -LEADER | |
|---|---|
| fixed length control field | 01036pam a2200253 a 4500 |
| 003 - CONTROL NUMBER IDENTIFIER | |
| control field | OSt |
| 005 - DATE AND TIME OF LATEST TRANSACTION | |
| control field | 20260130151640.0 |
| 008 - FIXED-LENGTH DATA ELEMENTS--GENERAL INFORMATION | |
| fixed length control field | 891116s1990 enk b 001 0 eng |
| 020 ## - INTERNATIONAL STANDARD BOOK NUMBER | |
| International Standard Book Number | 0471924547 : |
| 020 ## - INTERNATIONAL STANDARD BOOK NUMBER | |
| International Standard Book Number | 9780471924548 |
| 040 ## - CATALOGING SOURCE | |
| Original cataloging agency | KABLIB |
| Transcribing agency | KABLIB |
| Language of cataloging | eng. |
| Description conventions | rda |
| 082 00 - DEWEY DECIMAL CLASSIFICATION NUMBER | |
| Classification number | 658.51 |
| Edition number | 23 |
| Item number | NEW |
| 245 00 - TITLE STATEMENT | |
| Title | New technology and manufacturing management : |
| Remainder of title | strategic choices for flexible production systems / |
| Statement of responsibility, etc. | edited by Malcolm Warner, Werner Wobbe, and Peter Brödner. |
| 260 ## - PUBLICATION, DISTRIBUTION, ETC. | |
| Place of publication, distribution, etc. | Chichester, West Sussex, UK ; |
| -- | New York : |
| Name of publisher, distributor, etc. | J. Wiley in association with the Commission of the European Communities, |
| Date of publication, distribution, etc. | 1990. |
| 300 ## - PHYSICAL DESCRIPTION | |
| Extent | xvi, 267 p. ; |
| Dimensions | 24 cm. |
| 440 #0 - SERIES STATEMENT/ADDED ENTRY--TITLE | |
| Title | New technologies and work |
| 9 (RLIN) | 14935 |
| 504 ## - BIBLIOGRAPHY, ETC. NOTE | |
| Bibliography, etc. note | Includes bibliographical references and index. |
| 650 #0 - SUBJECT ADDED ENTRY--TOPICAL TERM | |
| Topical term or geographic name entry element | Manufactures |
| General subdivision | Technological innovations |
| -- | Management. |
| 9 (RLIN) | 14936 |
| 650 #0 - SUBJECT ADDED ENTRY--TOPICAL TERM | |
| Topical term or geographic name entry element | Flexible manufacturing systems |
| General subdivision | Management. |
| 9 (RLIN) | 14937 |
| 700 1# - ADDED ENTRY--PERSONAL NAME | |
| Personal name | Warner, Malcolm. |
| 9 (RLIN) | 14938 |
| 700 1# - ADDED ENTRY--PERSONAL NAME | |
| Personal name | Wobbe, Werner. |
| 9 (RLIN) | 14939 |
| 700 1# - ADDED ENTRY--PERSONAL NAME | |
| Personal name | Brödner, Peter. |
| 9 (RLIN) | 14940 |
| 942 ## - ADDED ENTRY ELEMENTS (KOHA) | |
| Source of classification or shelving scheme | Dewey Decimal Classification |
| Koha item type | Book |
| Withdrawn status | Lost status | Source of classification or shelving scheme | Damaged status | Not for loan | Home library | Current library | Shelving location | Date acquired | Source of acquisition | Total Checkouts | Full call number | Barcode | Date last seen | Price effective from | Koha item type |
|---|---|---|---|---|---|---|---|---|---|---|---|---|---|---|---|
| Dewey Decimal Classification | Mukombe Library | Mukombe Library | Open Access Section | 30.01.2026 | donation | 658.51 NEW | 14432 | 30.01.2026 | 30.01.2026 | Book | |||||
| Dewey Decimal Classification | Mukombe Library | Mukombe Library | Open Access Section | 30.01.2026 | donation | 658.51 NEW | 14433 | 30.01.2026 | 30.01.2026 | Book | |||||
| Dewey Decimal Classification | Mukombe Library | Mukombe Library | Open Access Section | 30.01.2026 | donation | 658.51 NEW | 14434 | 30.01.2026 | 30.01.2026 | Book |